|
|
|
|
| LEADER |
00000ckm a2200000 a 4500 |
| 001 |
vtls011774405 |
| 003 |
SK-MaSNL |
| 005 |
20260331211641.0 |
| 007 |
kf co |
| 008 |
230718q1980 xo g kuslo |
| 015 |
|
|
|a SNBG1980
|
| 035 |
|
|
|a urn:nbn:sk:snk-km00doxj
|
| 035 |
|
|
|a urn:nbn:sk:snk-km3lyd1
|
| 035 |
|
|
|a 57C8EA49-27A5-48A9-906B-85A921A3F9F3
|
| 040 |
|
|
|a SNK
|b slo
|c SNK
|e AACR2
|
| 041 |
0 |
|
|a slo
|
| 043 |
|
|
|a e-xo---
|
| 044 |
|
|
|a xo
|c SK
|
| 072 |
|
7 |
|a 913
|x Regionálna geografia
|2 konspekt
|
| 080 |
|
|
|a 913(437.6)
|2 2011
|
| 080 |
|
|
|a 711.455:615.838
|2 2011
|
| 080 |
|
|
|a (084.121)
|2 2011
|
| 080 |
|
|
|a 614.2:[725.1:614.21]
|2 2011
|
| 100 |
1 |
|
|a Šmátrala, Milan
|c (fotograf)
|4 pht
|9 164919
|
| 245 |
1 |
0 |
|a Sklené Teplice
|h grafika
|b celkový pohľad : nočné sanatórium : Banský kúpeľ : RS Stavbár
|c foto: M. Šmátrala; F. Vrbovský; M. Chrenko
|
| 246 |
1 |
|
|i Názov na obrazovej časti:
|a Pozdrav zo Sklených Teplíc
|
| 260 |
|
|
|a Bratislava
|b ČSTK-Pressfoto
|c [1980?]
|e Skalica
|f Grafobal
|
| 300 |
|
|
|a 1 pohľadnica (4 čiastkové pohľady)
|b farebná
|c 11 x 15 cm
|
| 520 |
8 |
|
|a Zobrazenie: Na modrom podklade v bielom orámovaní pohľady na kúpele z diaľky, sanatórium, Banský kúpeľ a rekreačné stredisko Stavbár
|
| 610 |
|
7 |
|a Liečebné termálne kúpele Sklené Teplice (Slovensko)
|2 SNKKA
|9 174985
|
| 650 |
0 |
7 |
|a liečebne
|2 SNKPH
|9 56920
|
| 650 |
0 |
7 |
|a kúpele
|2 SNKPH
|9 1139
|
| 651 |
|
7 |
|a Sklené Teplice (Slovensko)
|2 SNKPHgeo
|9 59318
|
| 655 |
|
7 |
|a miestne pohľadnice
|2 SNKPH
|9 70510
|
| 700 |
1 |
|
|a Vrbovský, František
|c (fotograf)
|4 pht
|9 283300
|
| 700 |
1 |
|
|a Chrenko, M.
|c (fotograf)
|4 pht
|9 340054
|
| 852 |
|
|
|a Slovenská národná knižnica
|
| 954 |
|
|
|a pohľadnice pôvodné (slovenské)
|2 lita
|
| 958 |
|
|
|a GBN
|
| 958 |
|
|
|a GC
|
| 958 |
|
|
|a OND
|
| 958 |
|
|
|a EUIPO
|
| 999 |
|
|
|c 598921
|d 600851
|
| 952 |
|
|
|a SNK
|b SNK
|y PREZ
|7 0
|p 17A1286789
|o snkSP 130776
|z Pohľadnica prešla poštou.
|0 0
|1 0
|4 0
|d 2018-08-23
|f 1
|l 0
|r 2026-02-23 15:47:23
|w 2026-02-23
|